| 000 | 00000nas 2200000za 4500 |
| 001 | 9.859941 |
| 003 | CaOODSP |
| 005 | 20240527135431 |
| 007 | cr ||||||||||| |
| 008 | 180801d19501966onc x m o f0 a0eng|d |
| 040 | |aCaOODSP|beng |
| 043 | |an-cn--- |
| 086 | 1 |aCW69-13E-PDF |
| 130 | 0 |aWildlife management bulletin. |
| 245 | 10|aWildlife management bulletin |h[electronic resource] / |cCanadian Wildlife Service. |
| 260 | |aOttawa : |bCanadian Wildlife Service, |c1950-1966. |
| 310 | |aIrregular |
| 362 | 0 |a1950-1966. |
| 500 | |aConsists of 3 series. |
| 515 | |aSeries 1, nos. 1-19 (1950-1966) : Series 2, nos. 1-10 : Series 3, nos. 1-5. |
| 692 | 07|2gccst|aWildlife management |
| 692 | 07|2gccst|aNature conservation |
| 710 | 1 |aCanada. |bDept. of Resources and Development. |
| 710 | 2 |aCanadian Wildlife Service. |
| 710 | 1 |aCanada.|bDepartment of Northern Affairs and National Resources. |
| 785 | 00|tReport series |w(CaOODSP)9.858862 |